<The> construction of a continuous demand function for uniformly rotund preferences.

Algoritmický dôkaz existencie a spojitosti funkcie dopytu pre zákazníka, ktorého spotrebná množina je usporiadaná pomocou spojitej relácie preferencie.

Gespeichert in:
Bibliographische Detailangaben
1. Verfasser: Bridges, D.S
Format: Buchkapitel
Sprache:Englisch
Schlagworte:
Tags: Tag hinzufügen
Keine Tags, Fügen Sie das erste Tag hinzu!

MARC

LEADER 00000naa a2200000 4500
001 r009794
005 20221130113040.9
041 0 |a eng 
044 |a NL 
245 1 0 |a <The> construction of a continuous demand function for uniformly rotund preferences.  |c D.S. Bridges 
520 |a Algoritmický dôkaz existencie a spojitosti funkcie dopytu pre zákazníka, ktorého spotrebná množina je usporiadaná pomocou spojitej relácie preferencie. 
610 2 0 |a dopyt 
610 2 0 |a zákazníci 
610 2 0 |a preferencie 
610 2 0 |a algoritmy 
610 2 0 |a metódy ekonomicko-matematické 
610 2 0 |a funkcie dopytové 
100 1 |a Bridges, D.S.